000 00292nam a2200121Ia 4500
008 150201s2004 xx 000 0 und d
082 _a301
_bP04K
100 _aKHAN , M.A.
245 _aSOCIOLOGY FOR NURSES
260 _bACADEMA PUB.
_aDELHI
_c2004
650 _aSOCIOLOGY
942 _2ddc
_cBK
_07
999 _c1858
_d1858